000 01736nam a22002417a 4500
999 _c56924
_d56924
003 Ge_BSU
005 20190621195709.0
008 190621b2018 ge ||||| |||| 00| 0 geo d
020 _a15121585
041 _ageo
080 _a94 (73) ა-57
245 _aამერიკის შესწავლის საკითხები №7 = JOURNAL OF AMERICAN STUDIES /
_c კრებული : მთ.რედ: ვასილ კაჭარავა ; შელი ფიშერ ფიშკინი.
264 _aთბილისი :
_bთბილისის სახელმწიფო უნივერსიტეტი,
_c2018.
300 _a358 გვ .:
_c24 სმ.
546 _aტექსტი ქართულ და ინგლისურ ენებზე
653 _aისტორია, პოლიტიკა, ეკონომიკა ; კულტურა
653 _aფილოსოფია, განათლება, სოციალური საკითხები
700 _aკაჭარავა, ვასილ
_eმთავარი რედაქტორი
_92774
700 _aფიშერ ფიშკინი შელი
_eმთავარი რედაქტორი
_92775
710 _aივანე ჯავახიშვილის სახელობის თბილისის სახელმწიფო უნივერსიტეტის ამერიკისმცოდნეობის ინსტიტუტი.
_92776
710 _aამერიკის შესწავლის საქართველოს ასოციაცია.
_92777
942 _2udc
_cBK